|
|
|
|
| LEADER |
00000nab a2200000 a 4500 |
| 001 |
vtls008874472 |
| 003 |
SK-MaSNL |
| 005 |
20260304210920.0 |
| 008 |
250505c2005 xo 0 slo |
| 015 |
|
|
|a SNBCL2005/5
|
| 035 |
|
|
|a SLK036067
|
| 035 |
|
|
|a urn:nbn:sk:snk-abae4l
|
| 035 |
|
|
|a (urnnbn)urn:nbn:sk:snk:ar-008hcd
|
| 035 |
|
|
|a (uuid)0d0479e5-939a-491f-aa05-af7ac6bc6fa9
|
| 040 |
|
|
|a SNKBUCL
|b slo
|c SNKBUCL
|e AACR2
|
| 041 |
0 |
|
|a slo
|b eng
|b slo
|
| 044 |
|
|
|a xo
|c SK
|
| 080 |
|
|
|a 616.895.7
|2 1981
|
| 100 |
1 |
|
|a Kolibáš, Eduard,
|d 1938-
|4 aut
|9 13608
|
| 245 |
1 |
0 |
|a Banálny trestný čin - neobvykle bohatý psychopatologický nález
|c E. Kolibáš, V. Novotný
|
| 246 |
1 |
0 |
|a A trivial deficit - an unusually rich psychopathological finding
|
| 246 |
1 |
1 |
|a A trivial deficit - an unusually rich psychopathological finding
|
| 504 |
|
|
|a Res. angl., slov.
|
| 504 |
|
|
|a Bibliogr. odkazy
|
| 650 |
0 |
7 |
|a poruchy paranoidné
|2 MESH
|9 857058
|
| 650 |
0 |
7 |
|a duševné poruchy
|2 MESH
|9 2454
|
| 650 |
0 |
7 |
|a halucinácie
|2 MESH
|9 19971
|
| 650 |
0 |
7 |
|a testy psychologické
|2 MESH
|9 732694
|
| 650 |
0 |
7 |
|a lekárske vyšetrenia
|2 MESH
|9 81944
|
| 700 |
1 |
|
|a Novotný, Vladimír,
|d 1946-2012
|4 aut
|9 201645
|
| 773 |
0 |
|
|t Česká a slovenská psychiatrie
|g Roč. 101, č. 7 (2005), s. 367-370
|x 1212-0383
|
| 850 |
|
|
|a Slovenská národná knižnica
|
| 852 |
|
|
|a Slovenská národná knižnica
|
| 954 |
|
|
|a odborná, vedecká literatúra pôvodná (slovenská)
|2 lita
|
| 958 |
|
|
|a article14
|
| 958 |
|
|
|a OND
|
| 958 |
|
|
|a EUIPO
|
| 999 |
|
|
|c 3128021
|d 3129951
|